Geographie Test - Statistiken

Allgemein
  • Dieses Quiz wurde 268 mal gespielt
  • Das Durchschnittsergebnis liegt bei 22 aus 27
Antwortstatistiken
Frage Kachel Select % Korrekt
Wahrzeichen in Europa Nein
99%
Wahrzeichen in Europa Nein
99%
Hauptstädte Frankfurt Nein
99%
Wahrzeichen in Europa Ja
98%
Wahrzeichen in Europa Ja
98%
Wahrzeichen in Europa Nein
98%
Wahrzeichen in Europa Nein
98%
Hauptstädte Liverpool Nein
98%
Hauptstädte Wien Ja
98%
Wahrzeichen in Europa Ja
97%
Hauptstädte Washington D.C. Ja
97%
Hauptstädte Sydney Nein
95%
Hauptstädte Krakau Nein
94%
Wahrzeichen in Europa Ja
93%
Hauptstädte Bagdad Ja
88%
Hauptstädte Pokhara Nein
85%
Wahrzeichen in Europa Ja
82%
Hauptstädte Santiago de Cuba Nein
79%
Länder mit mindestens 15 Milionen Einwoher Ja
76%
Länder mit mindestens 15 Milionen Einwoher Nein
72%
Länder mit mindestens 15 Milionen Einwoher Nein
71%
Länder mit mindestens 15 Milionen Einwoher Ja
69%
Länder mit mindestens 15 Milionen Einwoher Ja
61%
Länder mit mindestens 15 Milionen Einwoher Nein
56%
Länder mit mindestens 15 Milionen Einwoher Nein
36%
Länder mit mindestens 15 Milionen Einwoher Ja
25%
Länder mit mindestens 15 Milionen Einwoher Ja
25%
Keine übereinstimmenden Quizze gefunden
Verteilung der Resultate
Anzahl Personen mit jedem Resultat
Perzentil nach korrekt beantworteten Fragen
Ihre Resultats-Entwicklung
Sie haben dieses Quiz noch nicht gespielt